Statistics for Colors that begin with the letter M

Click here to take the quiz!

General Stats

  • This quiz has been taken 624 times
    (622 since last reset)
  • The average score is 5 of 19

Answer Stats

HintAnswer% Correct
Magenta
85%
Maroon
78%
Mauve
73%
Mint Green
62%
Midnight Blue
34%
Melon
32%
Misty rose
24%
Mustard
24%
Moss Green
21%
Mahogany
18%
Mandarin Orange
17%
Magnolia
16%
Mocha
15%
Moon
11%
Malachite
8%
Myrtle
8%
Mediterranean
2%
Martini Olive
1%
Mouthwash
1%

Score Distribution

Percentile by Number Answered

Percent of People with Each Score

Your Score History

You have not taken this quiz since the last reset